000 00639nam a2200205 a 4500
005 20220923063510.0
008 991125s1979 es 000 0 spa u
020 _a8425410622
035 _aUPN01000030190
049 _aCG
050 4 _aHM251
_bB4 no.2
100 1 _aArgyris, Chris,
_d1923-2013
_931420
245 1 3 _aEl individuo dentro de la organización /
_cChris Argyris ; tr. Agustín Gil Lasierra.
260 _aBarcelona, Esp. :
_bHerder,
_c1979.
300 _a414 p.
440 0 _aBiblioteca de psicosociología ;
_v2
650 7 _aMotivación (Psicología)
_2
_95909
650 4 _aPERSONAL -
_xDIRECCION
_911025
905 _aLibro
999 _c30190
_d30190